000 00513nam a22001697a 4500
003 OSt
008 210915b ||||| |||| 00| 0 eng d
020 _a9789380235592
082 _a664.02
_bJOS/FO
100 _aJoshi,V.K,
_9404
100 _aSharma,S.K
_95058
245 _aFood Processing Wast Management
_bTreatment and Uttilization Technology
260 _aNew Delhi
_bNew Iindia Publishing Agency
_c2011
300 _a472 Pages
650 _aFood industry & trade ,waste disposal in India
_95059
942 _cBK
999 _c17427
_d17427